000
00301nam a22001337a 4500
008
170130b xxu||||| |||| 00| 0 eng d
020
_a
9780787953034
041
_a
eng
080
_a
61
100
_a
3
101
_a
SHMI
245
_a
COMMUNICATING WITH TODAY'S PATIENT
_c
DESMOND, J
942
_2
udc
_c
BK
999
_c
3986
_d
3986